| 000 | 00494nam a2200169Ia 4500 | ||
|---|---|---|---|
| 999 |
_c23158 _d23158 |
||
| 003 | OSt | ||
| 005 | 20200622142650.0 | ||
| 008 | 190216s9999||||xx |||||||||||||| ||und|| | ||
| 020 | _a9788126162345 | ||
| 040 | _coclc | ||
| 082 |
_a954.025 _bRIZ/C |
||
| 100 |
_aRizvi, Alamgir _93102 |
||
| 245 | 0 |
_aCulture In The Mughal Empire / _cAlamgir Rizvi |
|
| 260 |
_bAnmol Publications, _c2014. _aNew Delhi: |
||
| 300 | _a312p | ||
| 942 |
_cBK _2ddc _h954.025 _iRIZ/C _k954.025 _mRIZ/C |
||